|
|
|
|
| LEADER |
00912ncm a22002412a 4500 |
| 001 |
001299721 |
| 003 |
CZ BrMZK |
| 005 |
20130816073601.0 |
| 007 |
qu |
| 008 |
960101s1916 gw ger d |
| 040 |
|
|
|a BOA001
|b cze
|
| 072 |
|
7 |
|a 784
|x Vokální hudba
|2 Konspekt
|9 9
|
| 100 |
1 |
|
|a Abt, Franz,
|d 1819-1885
|7 mzk2003198298
|4 cmp
|
| 245 |
1 |
0 |
|a Abt-Album.
|n Band I.
|h [hudebnina] :
|b ausgewählte Lieder für eine Singstimme mit Klavierbegleitung : für hohe Stimme : [Sopran oder Tenor] /
|c von Franz Abt
|
| 260 |
|
|
|a Leipzig :
|b C.F.W. Siegel's Musikalienhandlung (R. Linnemann)
|c [1916?]
|
| 300 |
|
|
|a 59 s.
|
| 490 |
1 |
|
|a Edition Peters ;
|v Nr. 1111a
|
| 500 |
|
|
|a In die Edition Peters Aufgenommen
|
| 830 |
|
0 |
|a Edition Peters
|
| 910 |
|
|
|a BOA001
|b Mus4-0116.361,1111a
|
| 990 |
|
|
|a MU
|
| 991 |
|
|
|b 201306
|
| 996 |
6 |
|
|b 2619563955
|c Mus4-0116.361,1111a
|l MZK
|r Sklad / do 1 hodiny
|n 0
|w 001334465
|u 000010
|a 1
|e BOA001
|j MZK50
|s P
|